000 00490nam a22001817a 4500
003 OSt
005 20151102185758.0
008 151102b xxu||||| |||| 00| 0 eng d
020 _a 0706990307
040 _c040A
082 _a658
_bCHA;2004
100 _aCHADAN ;J S
_d2004
_95939
245 _aMANAGEMENT THEORY AND PRACTICE
_cJ S CHADAN
260 _aNEWYORK CITY
_bVIKAS PUBLISHING HOUSE PVT LTD
_c2004
300 _axix;507
_bill
_c32 cm
504 _aincludes index
942 _2ddc
_cSLOAN
999 _c2383
_d2383